[Event "Deutsche Ländermeisterschaft 2016"]
[Site "Hannover GER"]
[Date "2016.10.03"]
[Round "5"]
[White "Pfreundt, Mathis"]
[Black "von Estorff, Jacob"]
[Result "1/2-1/2"]
[Termination "normal"]
[Board "6.5"]
[WhiteElo "1860"]
[BlackElo "1896"]
[WhiteTeam "Hamburg"]
[BlackTeam "Niedersachsen 1"]
[PlyCount "152"]
[WhiteFideId "12967092"]
[BlackFideId "12974501"]
[EventCountry "GER"]
[EventRounds "7"]
[EventType "team-swiss"]
[EventDate "2016.09.30"]

1. e4 c5 2. Nf3 Nc6 3. d4 cxd4 4. Nxd4 g6 5. c4 Bg7 6. Be3 Nf6 7. Nc3 Ng4 8.
Qxg4 Nxd4 9. Qd1 Ne6 10. Qd2 O-O 11. Be2 d6 12. O-O Bd7 13. Rfd1 Bc6 14. f3 Re8
15. Rac1 b6 16. b4 Rc8 17. Nd5 Nc7 18. b5 Nxd5 19. cxd5 Bd7 20. a4 Rxc1 21.
Rxc1 Qb8 22. Rc2 Rc8 23. Rxc8+ Qxc8 24. a5 Bc3 25. Qc2 Bxa5 26. Qxc8+ Bxc8 27.
Bc4 Bb4 28. Kf1 Bc5 29. Bc1 e6 30. Bh6 exd5 31. Bxd5 a5 32. bxa6 Bxa6+ 33. Ke1
Bc8 34. Bc6 Be6 35. Bb5 f6 36. Bd2 Kf7 37. Bc3 g5 38. h3 Ke7 39. Ke2 d5 40.
exd5 Bxd5 41. Kd3 h5 42. Bd2 g4 43. hxg4 hxg4 44. fxg4 Bxg2 45. Kc3 Ke6 46. Bf4
Bf3 47. Bc4+ Bd5 48. Bb5 Bd6 49. Be3 Bc7 50. Bf2 Bf3 51. Ba6 Kd6 52. Bc8 Kc6
53. Bf5 b5 54. Be3 Bd8 55. Bf4 Be7 56. Be6 b4+ 57. Kc4 Be2+ 58. Kb3 Kc5 59.
Be3+ Kb5 60. Bd7+ Ka5 61. Bf4 Bd8 62. Bd6 Bd1+ 63. Kb2 Ba4 64. Bf5 Bc6 65. Be6
Bf3 66. Kb3 Bd1+ 67. Kc4 b3 68. Kc3 Kb5 69. Bxb3 Bxg4 70. Bd5 f5 71. Bf4 Kc5
72. Be6 Bf6+ 73. Kd3 Bd4 74. Be3 Bxe3 75. Kxe3 f4+ 76. Kxf4 Bxe6 1/2-1/2

[Event "Deutsche Ländermeisterschaft 2016"]
[Site "Hannover GER"]
[Date "2016.10.03"]
[Round "5"]
[White "Evering, Sören"]
[Black "Popist, Florian"]
[Result "0-1"]
[Termination "normal"]
[Board "6.6"]
[WhiteElo "1853"]
[BlackElo "1736"]
[WhiteTeam "Niedersachsen 1"]
[BlackTeam "Hamburg"]
[PlyCount "78"]
[WhiteFideId "12974650"]
[BlackFideId "16203518"]
[EventCountry "GER"]
[EventRounds "7"]
[EventType "team-swiss"]
[EventDate "2016.09.30"]

1. e4 c5 2. Nf3 e6 3. d4 cxd4 4. Nxd4 a6 5. Nc3 Qc7 6. Be3 Nf6 7. Bd3 d6 8. O-O
Be7 9. Qe2 O-O 10. Rad1 b5 11. a3 Bb7 12. Rfe1 Rd8 13. f4 Nbd7 14. Nf3 Rac8 15.
Kh1 Bf8 16. Bf2 Nc5 17. Bxc5 Qxc5 18. e5 Bxf3 19. Qxf3 dxe5 20. fxe5 Nd5 21.
Ne4 Qc7 22. Ng5 g6 23. Qh3 h6 24. Nf3 Nf4 25. Qg3 Nxd3 26. cxd3 Qc2 27. Rd2 Qb3
28. d4 Rc2 29. Qf2 Rdc8 30. Rxc2 Rxc2 31. Re2 Rc1+ 32. Ng1 a5 33. Re3 Qc2 34.
Re2 Qd3 35. h3 b4 36. axb4 axb4 37. Rd2 Qe4 38. Re2 Qb1 39. Kh2 h5 0-1

[Event "Deutsche Ländermeisterschaft 2016"]
[Site "Hannover GER"]
[Date "2016.10.03"]
[Round "5"]
[White "Shirov-Michna, Masza"]
[Black "Mönster, Madita"]
[Result "0-1"]
[Termination "normal"]
[Board "6.7"]
[WhiteElo "1372"]
[BlackElo "1781"]
[WhiteTeam "Hamburg"]
[BlackTeam "Niedersachsen 1"]
[PlyCount "82"]
[WhiteFideId "12921998"]
[BlackFideId "12947156"]
[EventCountry "GER"]
[EventRounds "7"]
[EventType "team-swiss"]
[EventDate "2016.09.30"]

1. d4 Nf6 2. e3 e6 3. f4 d5 4. Bd3 c5 5. c3 Nc6 6. Nf3 Be7 7. O-O O-O 8. Bd2 c4
9. Bc2 b5 10. h3 Rb8 11. Ne5 Qc7 12. Be1 b4 13. g4 Nd7 14. g5 Ndxe5 15. dxe5
bxc3 16. Bxc3 Bc5 17. Kf2 Qb6 18. Qd2 d4 19. exd4 Nxd4 20. Kg3 Nxc2 21. Qxc2
Rd8 22. Nd2 Rd3+ 23. Rf3 Bf2+ 24. Kg4 Rxf3 25. Nxf3 Bb7 26. Qe2 h6 27. Rf1 Bc5
28. Nd2 Qc6 29. Nxc4 Ba6 30. b3 Rd8 31. Qf3 Qe8 32. Rd1 Bb7 33. Qe2 Rxd1 34.
Qxd1 Bf2 35. gxh6 f5+ 36. Kg5 gxh6+ 37. Kxh6 Qf8+ 38. Kh5 Qf7+ 39. Kg5 Qg7+ 40.
Kh5 Qh7+ 41. Kg5 Bh4# 0-1

[Event "Deutsche Ländermeisterschaft 2016"]
[Site "Hannover GER"]
[Date "2016.10.03"]
[Round "5"]
[White "Reichelt, Lena"]
[Black "Kieckbusch, Lotta"]
[Result "1-0"]
[Termination "normal"]
[Board "6.8"]
[WhiteElo "1450"]
[BlackElo "1286"]
[WhiteTeam "Niedersachsen 1"]
[BlackTeam "Hamburg"]
[PlyCount "57"]
[WhiteFideId "12981184"]
[BlackFideId "16214390"]
[EventCountry "GER"]
[EventRounds "7"]
[EventType "team-swiss"]
[EventDate "2016.09.30"]

1. d4 c6 2. Nf3 d5 3. e3 Bf5 4. Bd3 Bg6 5. Bxg6 hxg6 6. O-O Nf6 7. Nbd2 e6 8.
b3 Qc7 9. Ne5 Nbd7 10. f4 g5 11. Bb2 Bd6 12. h3 gxf4 13. exf4 g5 14. fxg5 Bxe5
15. dxe5 Ne4 16. Nxe4 dxe4 17. Qd6 Qxd6 18. exd6 Rh7 19. Rae1 Nc5 20. Bd4 Nd7
21. Rxe4 O-O-O 22. Bb2 Rg8 23. h4 Nb6 24. c4 Kd7 25. Be5 Nc8 26. c5 b6 27. b4
bxc5 28. bxc5 Rf8 29. g6 1-0

[Event "Deutsche Ländermeisterschaft 2016"]
[Site "Hannover GER"]
[Date "2016.10.03"]
[Round "5"]
[White "Schmekel, Florian"]
[Black "Boes, Julian"]
[Result "1-0"]
[Termination "normal"]
[Board "7.2"]
[WhiteElo "1994"]
[BlackElo "2114"]
[WhiteTeam "Mecklenburg-Vorpommern"]
[BlackTeam "Baden 2"]
[PlyCount "133"]
[WhiteFideId "12913456"]
[BlackFideId "12907723"]
[EventCountry "GER"]
[EventRounds "7"]
[EventType "team-swiss"]
[EventDate "2016.09.30"]

1. d4 d5 2. c4 e6 3. Nc3 Nf6 4. cxd5 exd5 5. Bg5 Be7 6. e3 c6 7. Qc2 Nbd7 8.
Bd3 Nh5 9. Bxe7 Qxe7 10. Nge2 g6 11. O-O Nb6 12. Na4 Nxa4 13. Qxa4 O-O 14. Ng3
Ng7 15. b4 f5 16. b5 cxb5 17. Qxb5 Rd8 18. Bc2 Ne6 19. Ne2 Qd6 20. Qd3 b5 21.
Qd2 a5 22. a3 Bd7 23. f4 Nc7 24. Nc1 b4 25. axb4 axb4 26. Rb1 Rdb8 27. Nd3 Na6
28. Rfc1 Rb6 29. Bb3 Bc6 30. Ra1 Rab8 31. Ra5 Kg7 32. Ne5 Bb5 33. Rxb5 Rxb5 34.
Rc6 Qd8 35. Rxa6 R8b6 36. Ra7+ Rb7 37. Rxb7+ Rxb7 38. Nd3 Qa5 39. Nc5 Qa1+ 40.
Qd1 Qxd1+ 41. Bxd1 Ra7 42. Bb3 Ra3 43. Kf2 Kf6 44. Bxd5 g5 45. fxg5+ Kxg5 46.
Kf3 h5 47. Bb3 Kf6 48. Ke2 Ra1 49. Kd3 Rg1 50. Bd5 Rc1 51. Kd2 Rb1 52. Kc2 Re1
53. e4 fxe4 54. Nxe4+ Kf5 55. Nc5 Re3 56. Bf3 Rc3+ 57. Kb2 h4 58. h3 Rc4 59.
Nb3 Rc3 60. Na1 Kf4 61. Nc2 Kg3 62. d5 Rc4 63. d6 Rc8 64. d7 Rd8 65. Bg4 Kf4
66. Nd4 Ke4 67. Nc6 1-0

[Event "Deutsche Ländermeisterschaft 2016"]
[Site "Hannover GER"]
[Date "2016.10.03"]
[Round "5"]
[White "Hund, Sarah"]
[Black "Lange, Jannis"]
[Result "1-0"]
[Termination "normal"]
[Board "7.3"]
[WhiteElo "1874"]
[BlackElo "1849"]
[WhiteTeam "Baden 2"]
[BlackTeam "Mecklenburg-Vorpommern"]
[PlyCount "77"]
[WhiteFideId "12923338"]
[BlackFideId "12993107"]
[EventCountry "GER"]
[EventRounds "7"]
[EventType "team-swiss"]
[EventDate "2016.09.30"]

1. e4 c5 2. Nc3 Nc6 3. Bb5 Nd4 4. Nf3 Nxb5 5. Nxb5 g6 6. d4 Bg7 7. O-O a6 8.
Nc3 e6 9. dxc5 Ne7 10. Bg5 f6 11. Be3 O-O 12. Na4 Qc7 13. Qd2 g5 14. Rad1 Rd8
15. e5 h6 16. Qd6 Qxd6 17. exd6 Nc6 18. Nb6 Rb8 19. Bd2 f5 20. b4 Bf6 21. c4 g4
22. Ne1 Kh7 23. Nd3 Re8 24. Rfe1 Bg7 25. Rc1 Rf8 26. Bc3 Rd8 27. Re3 Nd4 28.
Nf4 Nc6 29. Bxg7 Kxg7 30. b5 axb5 31. cxb5 Nd4 32. a4 Kf6 33. Rc4 e5 34. Nfd5+
Kg5 35. Rxe5 Ne6 36. f3 gxf3 37. h4+ Kg6 38. Ne7+ Kh7 39. Rxf5 1-0

[Event "Deutsche Ländermeisterschaft 2016"]
[Site "Hannover GER"]
[Date "2016.10.03"]
[Round "5"]
[White "Schumann, Rabea"]
[Black "Koll, Lukas"]
[Result "1/2-1/2"]
[Termination "normal"]
[Board "7.4"]
[WhiteElo "1857"]
[BlackElo "1838"]
[WhiteTeam "Mecklenburg-Vorpommern"]
[BlackTeam "Baden 2"]
[PlyCount "66"]
[WhiteFideId "12918199"]
[BlackFideId "12969737"]
[EventCountry "GER"]
[EventRounds "7"]
[EventType "team-swiss"]
[EventDate "2016.09.30"]

1. c4 d6 2. g3 e5 3. Bg2 f5 4. e3 Nf6 5. Ne2 Be7 6. Nbc3 O-O 7. d3 c6 8. Bd2
Be6 9. Qc2 Na6 10. a3 Nc7 11. b4 d5 12. c5 Kh8 13. d4 e4 14. Rb1 Bd7 15. a4 Ne6
16. b5 Qe8 17. Ng1 Nh5 18. h4 h6 19. Qd1 g6 20. Qe2 Rf7 21. Kd1 b6 22. cxb6
axb6 23. bxc6 Bxc6 24. Rxb6 Bd8 25. Rb1 Bxa4+ 26. Nxa4 Qxa4+ 27. Ke1 Rc7 28.
Qd1 Qa2 29. Ne2 Nf6 30. Nc3 Qc4 31. Bf1 Qc6 32. Bb5 Qd6 33. Ke2 Rb7 1/2-1/2

[Event "Deutsche Ländermeisterschaft 2016"]
[Site "Hannover GER"]
[Date "2016.10.03"]
[Round "5"]
[White "Chernykh, Arkady"]
[Black "Focke, Adrian"]
[Result "0-1"]
[Termination "normal"]
[Board "7.5"]
[WhiteElo "1800"]
[BlackElo "1739"]
[WhiteTeam "Baden 2"]
[BlackTeam "Mecklenburg-Vorpommern"]
[PlyCount "104"]
[WhiteFideId "12989436"]
[BlackFideId "12969869"]
[EventCountry "GER"]
[EventRounds "7"]
[EventType "team-swiss"]
[EventDate "2016.09.30"]

1. d4 Nf6 2. c4 e6 3. Nc3 Bb4 4. Nf3 O-O 5. Bg5 h6 6. Bh4 d5 7. e3 Nbd7 8. cxd5
exd5 9. Qb3 Be7 10. Bd3 c6 11. Rc1 Re8 12. O-O c5 13. Bb1 cxd4 14. exd4 a6 15.
Qc2 Nf8 16. Ne5 Ng4 17. Bg3 Nxe5 18. dxe5 Be6 19. Qd3 Rc8 20. Rcd1 Qb6 21. Nxd5
Bxd5 22. Qxd5 Qxb2 23. Bf5 Rcd8 24. Qb3 Qxb3 25. axb3 Ne6 26. Bxe6 fxe6 27. f4
Kf7 28. Bf2 Rxd1 29. Rxd1 Rd8 30. Rxd8 Bxd8 31. Kf1 Ke8 32. Ke2 Kd7 33. Kd3 Kc6
34. g4 Kd5 35. Bd4 g6 36. Ke3 a5 37. Ba7 b5 38. Bd4 Be7 39. Kd3 a4 40. bxa4
bxa4 41. Bc3 Ba3 42. h4 h5 43. gxh5 gxh5 44. Bd2 Bb2 45. Bb4 a3 46. Kc2 Ke4 47.
Bd2 Bd4 48. Kb3 Bf2 49. Kxa3 Bxh4 50. Kb4 Bg3 51. Kc5 h4 52. Kd6 Kf5 0-1

[Event "Deutsche Ländermeisterschaft 2016"]
[Site "Hannover GER"]
[Date "2016.10.03"]
[Round "5"]
[White "Troyke, Jannis"]
[Black "Wu, Luka"]
[Result "1-0"]
[Termination "normal"]
[Board "7.6"]
[WhiteElo "1726"]
[BlackElo "1800"]
[WhiteTeam "Mecklenburg-Vorpommern"]
[BlackTeam "Baden 2"]
[PlyCount "89"]
[WhiteFideId "12993115"]
[BlackFideId "12977420"]
[EventCountry "GER"]
[EventRounds "7"]
[EventType "team-swiss"]
[EventDate "2016.09.30"]

1. e4 e5 2. Nf3 Nc6 3. d4 exd4 4. Bc4 Nf6 5. e5 d5 6. Bb5 Ne4 7. Nxd4 Bd7 8.
Bxc6 bxc6 9. O-O Be7 10. f3 Nc5 11. Be3 O-O 12. Nd2 f6 13. exf6 Rxf6 14. f4 Bd6
15. Qf3 Qf8 16. f5 Be5 17. c3 Rb8 18. N2b3 Nxb3 19. axb3 c5 20. Qxd5+ Qf7 21.
Qxe5 cxd4 22. Bxd4 a6 23. Qxc7 Rc8 24. Qg3 Rfc6 25. b4 Re8 26. Rae1 Rcc8 27.
Rd1 Bc6 28. Rfe1 Ba8 29. Re6 Red8 30. Rde1 Rd7 31. f6 Qg6 32. Qxg6 hxg6 33.
Re8+ Rxe8 34. Rxe8+ Kh7 35. Rxa8 gxf6 36. Bxf6 g5 37. Bxg5 Kg6 38. h4 Rd6 39.
Rd8 Re6 40. Kf2 Kh5 41. Kf3 Re1 42. Rd6 Rf1+ 43. Kg3 Rf3+ 44. gxf3 a5 45. Rh6#
1-0

[Event "Deutsche Ländermeisterschaft 2016"]
[Site "Hannover GER"]
[Date "2016.10.03"]
[Round "5"]
[White "Lohrmann, Tabea"]
[Black "Eulitz, Charlotte"]
[Result "0-1"]
[Termination "normal"]
[Board "7.7"]
[WhiteElo "1723"]
[BlackElo "1465"]
[WhiteTeam "Baden 2"]
[BlackTeam "Mecklenburg-Vorpommern"]
[PlyCount "112"]
[WhiteFideId "12911941"]
[BlackFideId "12964654"]
[EventCountry "GER"]
[EventRounds "7"]
[EventType "team-swiss"]
[EventDate "2016.09.30"]

1. e4 e5 2. Nf3 Nc6 3. d4 exd4 4. Bc4 Bc5 5. O-O d6 6. c3 d3 7. b4 Bb6 8. Qb3
Qe7 9. Re1 Nf6 10. Bxd3 O-O 11. Bf4 Ne5 12. Nxe5 dxe5 13. Bg5 Bxf2+ 14. Kxf2
Ng4+ 15. Kg1 Qxg5 16. Qc2 Qh4 17. g3 Qe7 18. Nd2 b6 19. Nf3 Bb7 20. Rad1 c5 21.
b5 Rac8 22. Qa4 Ba8 23. Bc4 Qf6 24. Kg2 Qe7 25. Bd5 Nf6 26. Qc4 Rfd8 27. Rd2
Nxd5 28. exd5 f6 29. Re4 Rd6 30. Qe2 Bxd5 31. Re3 Bxf3+ 32. Rxf3 Rxd2 33. Qxd2
Rd8 34. Qe2 Qd6 35. Rf2 Qd5+ 36. Kh3 Qd3 37. Qb2 Qd7+ 38. Kg2 Qd5+ 39. Kg1 Qd1+
40. Kg2 Qd3 41. Qb3+ Qd5+ 42. Qxd5+ Rxd5 43. c4 Rd4 44. Rc2 Kf7 45. Kf3 Ke6 46.
g4 g6 47. Kg3 h6 48. Kf3 e4+ 49. Kf4 g5+ 50. Ke3 Ke5 51. Kf2 Rd3 52. Kg2 e3 53.
Kf3 Rd2 54. Rxd2 exd2 55. Ke2 Kd4 56. Kxd2 Kxc4 0-1

[Event "Deutsche Ländermeisterschaft 2016"]
[Site "Hannover GER"]
[Date "2016.10.03"]
[Round "5"]
[White "Biastoch, Bennet"]
[Black "Backens, Johannes"]
[Result "1-0"]
[Termination "normal"]
[Board "8.2"]
[WhiteElo "2117"]
[BlackElo "1934"]
[WhiteTeam "Sachsen-Anhalt"]
[BlackTeam "SG Saarland / Rheinland-Pfalz"]
[PlyCount "81"]
[WhiteFideId "12939889"]
[BlackFideId "12946389"]
[EventCountry "GER"]
[EventRounds "7"]
[EventType "team-swiss"]
[EventDate "2016.09.30"]

1. e4 c5 2. Nf3 d6 3. d4 cxd4 4. Nxd4 Nf6 5. Nc3 Nc6 6. Bg5 e6 7. f4 Be7 8. Qd2
O-O 9. O-O-O Nxd4 10. Qxd4 Qa5 11. Bc4 h6 12. Bh4 e5 13. Qd2 exf4 14. Kb1 Nxe4
15. Nxe4 Qxd2 16. Rxd2 Bxh4 17. Nxd6 Be6 18. Bxe6 fxe6 19. Re2 b6 20. Rxe6 Rf6
21. Rxf6 Bxf6 22. c3 Rd8 23. Ne4 Be5 24. Kc2 Bc7 25. h3 Kf7 26. Re1 Kg6 27. Nd2
Kf6 28. Nf3 Rd7 29. Nd4 Be5 30. Kd3 g5 31. Kc4 h5 32. Nc6 Rc7 33. Kd5 Rd7+ 34.
Ke4 Bd6 35. Rd1 a6 36. Rd5 b5 37. b4 g4 38. Rxh5 gxh3 39. Rxh3 Bc7 40. Nd4 Rg7
41. Rh6+ 1-0

[Event "Deutsche Ländermeisterschaft 2016"]
[Site "Hannover GER"]
[Date "2016.10.03"]
[Round "5"]
[White "Recktenwald, Cedric"]
[Black "Wagner, Benjamin"]
[Result "1/2-1/2"]
[Termination "normal"]
[Board "8.3"]
[WhiteElo "1671"]
[BlackElo "1923"]
[WhiteTeam "SG Saarland / Rheinland-Pfalz"]
[BlackTeam "Sachsen-Anhalt"]
[PlyCount "165"]
[WhiteFideId "12971928"]
[BlackFideId "12957330"]
[EventCountry "GER"]
[EventRounds "7"]
[EventType "team-swiss"]
[EventDate "2016.09.30"]

1. e4 e5 2. Nf3 Nc6 3. Bc4 Bc5 4. O-O d6 5. c3 Nf6 6. d4 exd4 7. cxd4 Bb6 8.
Nc3 O-O 9. h3 Nxe4 10. Nxe4 d5 11. Bxd5 Qxd5 12. Nc3 Qd6 13. Ne2 Bf5 14. Bf4
Qd7 15. d5 Nb4 16. d6 Nd3 17. dxc7 Nxf4 18. Nxf4 Bxc7 19. Qxd7 Bxd7 20. Nd5 Bd8
21. Rfd1 Be6 22. Ne5 Rc8 23. Nc3 Bg5 24. Rd3 Rfd8 25. Rad1 Rxd3 26. Rxd3 Rd8
27. Rxd8+ Bxd8 28. a3 Bf6 29. f4 Kf8 30. Kf2 Bxe5 31. fxe5 Ke7 32. Ke3 Bd7 33.
Kf4 Bc6 34. g3 h6 35. h4 Ke6 36. b4 b6 37. g4 h5 38. g5 g6 39. b5 Bd5 40. Ne4
Bc4 41. Nd6 Kd5 42. Nxc4 Kxc4 43. e6 fxe6 44. Ke5 Kxb5 45. Kxe6 Ka4 46. Kf6
Kxa3 47. Kxg6 b5 48. Kxh5 b4 49. g6 b3 50. g7 b2 51. g8=Q b1=Q 52. Qf8+ Kb2 53.
Qf6+ Kc1 54. Qf4+ Kb2 55. Qd4+ Kc1 56. Qe3+ Kb2 57. Kg5 Qh7 58. Qd4+ Kb1 59.
Qb4+ Kc1 60. Qc5+ Kb1 61. Qb5+ Kc1 62. Qc6+ Kb1 63. Qh1+ Kb2 64. Qg2+ Kb1 65.
Qf1+ Kb2 66. Qf6+ Kb1 67. h5 a5 68. Qb6+ Kc1 69. Qc5+ Kb1 70. Qb5+ Kc1 71. Qc4+
Kb1 72. Qb3+ Kc1 73. Qa3+ Kb1 74. Qxa5 Qg7+ 75. Kf4 Qd4+ 76. Kf5 Qd7+ 77. Ke4
Qg4+ 78. Kd3 Qf3+ 79. Kc4 Qe2+ 80. Kb4 Qd2+ 81. Kb5 Qd5+ 82. Ka6 Qa8+ 83. Kb5
1/2-1/2

[Event "Deutsche Ländermeisterschaft 2016"]
[Site "Hannover GER"]
[Date "2016.10.03"]
[Round "5"]
[White "Dietz, Florian"]
[Black "Tettmann, Ann-Kathrin"]
[Result "1-0"]
[Termination "normal"]
[Board "8.4"]
[WhiteElo "1821"]
[BlackElo "1789"]
[WhiteTeam "Sachsen-Anhalt"]
[BlackTeam "SG Saarland / Rheinland-Pfalz"]
[PlyCount "61"]
[WhiteFideId "12939897"]
[BlackFideId "12945676"]
[EventCountry "GER"]
[EventRounds "7"]
[EventType "team-swiss"]
[EventDate "2016.09.30"]

1. e4 g6 2. d4 c6 3. Nf3 Nf6 4. Bd3 Bg7 5. O-O O-O 6. Bg5 d6 7. c4 Nbd7 8. d5
Nc5 9. Nc3 e5 10. b4 Nxd3 11. Qxd3 h6 12. Bh4 Qc7 13. dxc6 bxc6 14. Rfd1 Ne8
15. b5 Bb7 16. Rac1 a6 17. b6 Qd7 18. c5 g5 19. Bg3 Qd8 20. Bxe5 Bxe5 21. Nxe5
Qe7 22. Ng4 Qe6 23. Qh3 Kg7 24. cxd6 Nxd6 25. e5 Nf5 26. Ne4 Rfd8 27. Nc5 Qe7
28. Qc3 Kg6 29. e6 Rab8 30. Ne5+ Kh7 31. Nxf7 1-0

[Event "Deutsche Ländermeisterschaft 2016"]
[Site "Hannover GER"]
[Date "2016.10.03"]
[Round "5"]
[White "Zimmer, Luca"]
[Black "Hundrieser, Malte"]
[Result "0-1"]
[Termination "normal"]
[Board "8.5"]
[WhiteElo "1590"]
[BlackElo "1787"]
[WhiteTeam "SG Saarland / Rheinland-Pfalz"]
[BlackTeam "Sachsen-Anhalt"]
[PlyCount "56"]
[WhiteFideId "12921424"]
[BlackFideId "12997153"]
[EventCountry "GER"]
[EventRounds "7"]
[EventType "team-swiss"]
[EventDate "2016.09.30"]

1. e4 c5 2. Nc3 d6 3. f4 Nf6 4. Nf3 g6 5. Bb5+ Bd7 6. Bxd7+ Qxd7 7. O-O Bg7 8.
d3 Nc6 9. Qe1 Nd4 10. Nxd4 cxd4 11. Ne2 e5 12. c3 dxc3 13. Nxc3 O-O 14. f5 Rfe8
15. Qh4 d5 16. fxg6 fxg6 17. Rxf6 Bxf6 18. Qxf6 dxe4 19. dxe4 Rf8 20. Qh4 Qd4+
21. Be3 Qxe3+ 22. Kh1 Qf2 23. Qxf2 Rxf2 24. Rb1 Rd8 25. Nd5 Kg7 26. Kg1 Re2 27.
Nc3 Rc2 28. Nd5 Rf8 0-1

[Event "Deutsche Ländermeisterschaft 2016"]
[Site "Hannover GER"]
[Date "2016.10.03"]
[Round "5"]
[White "Dietz, Kristin"]
[Black "Jeschke, Jan"]
[Result "1-0"]
[Termination "normal"]
[Board "8.6"]
[WhiteElo "1601"]
[BlackElo "1249"]
[WhiteTeam "Sachsen-Anhalt"]
[BlackTeam "SG Saarland / Rheinland-Pfalz"]
[PlyCount "91"]
[WhiteFideId "12993743"]
[BlackFideId "16225430"]
[EventCountry "GER"]
[EventRounds "7"]
[EventType "team-swiss"]
[EventDate "2016.09.30"]

1. e4 e6 2. d4 d5 3. Nd2 c5 4. c3 Nc6 5. Ngf3 Nf6 6. Bd3 cxd4 7. cxd4 Qb6 8. e5
Nd7 9. Nb3 Bb4+ 10. Bd2 O-O 11. O-O f6 12. exf6 Nxf6 13. Re1 Bd7 14. Rc1 Rac8
15. Bxb4 Nxb4 16. Bb1 Rxc1 17. Qxc1 Rc8 18. Qd2 Nc6 19. Nc5 Nxd4 20. Nxd4 Rxc5
21. Qe2 Rc8 22. Nf3 Re8 23. b3 Qb5 24. Bd3 Qc5 25. Ne5 Qd6 26. Nxd7 Qxd7 27.
Bb5 Qc7 28. Bxe8 Nxe8 29. Qxe6+ Qf7 30. Qxe8+ Qxe8 31. Rxe8+ Kf7 32. Rd8 Ke6
33. Kf1 Ke5 34. Ke2 Kd4 35. Kd2 a5 36. a4 g5 37. Rd7 b6 38. Rxh7 Kc5 39. Kd3
Kb4 40. Rb7 b5 41. Rxb5+ Ka3 42. Rxd5 g4 43. Kc3 g3 44. Rd1 Ka2 45. fxg3 Ka3
46. Ra1# 1-0

[Event "Deutsche Ländermeisterschaft 2016"]
[Site "Hannover GER"]
[Date "2016.10.03"]
[Round "5"]
[White "Fuchs, Emily"]
[Black "Fritsch, Lea"]
[Result "0-1"]
[Termination "normal"]
[Board "8.7"]
[WhiteElo "1258"]
[BlackElo "1317"]
[WhiteTeam "SG Saarland / Rheinland-Pfalz"]
[BlackTeam "Sachsen-Anhalt"]
[PlyCount "58"]
[WhiteFideId "16208986"]
[BlackFideId "16212436"]
[EventCountry "GER"]
[EventRounds "7"]
[EventType "team-swiss"]
[EventDate "2016.09.30"]

1. e4 c5 2. d4 cxd4 3. c3 dxc3 4. Nxc3 e6 5. Nf3 Nc6 6. Bc4 Nf6 7. O-O Be7 8.
Be3 O-O 9. Rc1 d6 10. Qe2 Qc7 11. Rfd1 Rd8 12. Nb5 Qb8 13. Nbd4 Nxd4 14. Bxd4
e5 15. Bc3 Bd7 16. Ng5 Rf8 17. Nxf7 Rxf7 18. Bxf7+ Kxf7 19. Bb4 Bc6 20. Qc4+
Kf8 21. f3 Qd8 22. Qe6 Qb6+ 23. Bc5 dxc5 24. Qxe5 Rd8 25. Re1 Rd2 26. Rb1 c4+
27. Kh1 Qf2 28. Rg1 Bd6 29. Rbf1 Qh4 0-1

[Event "Deutsche Ländermeisterschaft 2016"]
[Site "Hannover GER"]
[Date "2016.10.03"]
[Round "5"]
[White "Stowicek, Yara Mathilda"]
[Black "Huppert, Anna"]
[Result "1-0"]
[Termination "normal"]
[Board "8.8"]
[WhiteElo "1391"]
[BlackElo "1066"]
[WhiteTeam "Sachsen-Anhalt"]
[BlackTeam "SG Saarland / Rheinland-Pfalz"]
[PlyCount "179"]
[WhiteFideId "16203569"]
[BlackFideId "16214439"]
[EventCountry "GER"]
[EventRounds "7"]
[EventType "team-swiss"]
[EventDate "2016.09.30"]

1. e4 e6 2. d4 d5 3. Nd2 Nf6 4. Bd3 c5 5. c3 Nc6 6. Ngf3 cxd4 7. cxd4 Qb6 8. e5
Nd7 9. Nb3 f6 10. exf6 Nxf6 11. O-O Bd6 12. Be3 Qc7 13. h3 e5 14. dxe5 Nxe5 15.
Nxe5 Bxe5 16. Qe2 O-O 17. Rac1 Qd8 18. Rfd1 Bd7 19. Nc5 Qb8 20. Nxd7 Nxd7 21.
Rd2 Nb6 22. Rdc2 Bf4 23. Bxf4 Qxf4 24. Qd2 Qxd2 25. Rxd2 Rac8 26. Rdc2 Rxc2 27.
Rxc2 Rd8 28. Rc7 Rb8 29. f3 d4 30. Kf2 h6 31. Kg3 g5 32. Rh7 Nc4 33. Rxh6 Nxb2
34. Be4 Kf7 35. Rd6 b5 36. Rxd4 Kf6 37. Rd5 b4 38. Rf5+ Ke6 39. Rxg5 Na4 40.
Ra5 Nc3 41. Rxa7 Nxe4+ 42. fxe4 b3 43. axb3 Rxb3+ 44. Kf4 Rb2 45. Rg7 Rf2+ 46.
Ke3 Rf1 47. Rg6+ Kf7 48. Rg3 Re1+ 49. Kf4 Kf6 50. Rf3 Ke6 51. g4 Kf6 52. Kg3+
Kg5 53. Rf5+ Kg6 54. e5 Re3+ 55. Kh4 Kg7 56. Kg5 Rxh3 57. Rf4 Rh6 58. Rf6 Rh3
59. Rc6 Kf7 60. Rh6 Re3 61. Kf4 Re1 62. Rh5 Rf1+ 63. Ke3 Rg1 64. Kf3 Ke6 65.
Rg5 Re1 66. Rg8 Rxe5 67. Re8+ Kf6 68. Rxe5 Kxe5 69. Ke3 Kf6 70. Kf4 Kg6 71. g5
Kf7 72. Kf5 Kg8 73. Kg6 Kf8 74. Kh7 Kf7 75. g6+ Kf8 76. g7+ Ke7 77. g8=Q Kd6
78. Qg5 Ke6 79. Kg6 Kd6 80. Kh5 Ke6 81. Kg4 Kd6 82. Kf4 Kc6 83. Ke4 Kd6 84.
Qd5+ Ke7 85. Qc6 Kf7 86. Kf5 Ke7 87. Qe6+ Kf8 88. Qd7 Kg8 89. Kg6 Kf8 90. Qf7#
1-0

[Event "Deutsche Ländermeisterschaft 2016"]
[Site "Hannover GER"]
[Date "2016.10.03"]
[Round "5"]
[White "Ewert, Hannes"]
[Black "Schröder, Kevin"]
[Result "0-1"]
[Termination "normal"]
[Board "9.1"]
[BlackTitle "FM"]
[WhiteElo "2132"]
[BlackElo "2266"]
[WhiteTeam "Niedersachsen 2"]
[BlackTeam "Nordrhein-Westfalen"]
[PlyCount "108"]
[WhiteFideId "12961574"]
[BlackFideId "12929840"]
[EventCountry "GER"]
[EventRounds "7"]
[EventType "team-swiss"]
[EventDate "2016.09.30"]

1. e4 c5 2. Nf3 d6 3. Nc3 Nf6 4. g3 g6 5. Bg2 Bg7 6. O-O O-O 7. Re1 Nc6 8. h3
Nd7 9. a4 Ndb8 10. b3 Nd4 11. Bb2 Nbc6 12. Rb1 Bd7 13. Nxd4 cxd4 14. Ne2 Rc8
15. c4 dxc3 16. dxc3 Qb6 17. c4 Bxb2 18. Rxb2 Ne5 19. Rb1 Rfd8 20. Nc3 e6 21.
Qe2 Nc6 22. Qe3 Qxe3 23. Rxe3 Nd4 24. Ne2 Nxe2+ 25. Rxe2 e5 26. Rd2 Be6 27.
Rbd1 Rc6 28. f4 Rb6 29. Rd3 f6 30. R1d2 Kf8 31. Rf2 Ke7 32. f5 Bg8 33. g4 g5
34. h4 h6 35. Bf3 Rc8 36. Kf1 Rb4 37. hxg5 hxg5 38. Rfd2 Rc6 39. Ra2 Rxb3 40.
Rxb3 Bxc4+ 41. Be2 Bxb3 42. Rb2 Rc3 43. Ke1 d5 44. Bd1 Bxd1 45. Rxb7+ Kd6 46.
Kxd1 Rc4 47. Rxa7 Rxe4 48. Rf7 Rxa4 49. Rxf6+ Kc5 50. Re6 Rxg4 51. Rxe5 Kd4 52.
Re6 Rf4 53. f6 g4 54. Ke2 g3 0-1

[Event "Deutsche Ländermeisterschaft 2016"]
[Site "Hannover GER"]
[Date "2016.10.03"]
[Round "5"]
[White "Holtel, Jasper"]
[Black "Peters, Tom"]
[Result "1-0"]
[Termination "normal"]
[Board "9.2"]
[WhiteTitle "FM"]
[WhiteElo "2194"]
[BlackElo "2065"]
[WhiteTeam "Nordrhein-Westfalen"]
[BlackTeam "Niedersachsen 2"]
[PlyCount "49"]
[WhiteFideId "12956376"]
[BlackFideId "24694444"]
[EventCountry "GER"]
[EventRounds "7"]
[EventType "team-swiss"]
[EventDate "2016.09.30"]

1. e4 c5 2. Nf3 d6 3. Bb5+ Nc6 4. O-O Bd7 5. Re1 a6 6. Bxc6 Bxc6 7. d4 cxd4 8.
Nxd4 Nf6 9. Nxc6 bxc6 10. Qf3 Nd7 11. e5 dxe5 12. Qxc6 g6 13. Rxe5 Rc8 14. Qa4
Bg7 15. Rd5 O-O 16. Rxd7 Qb6 17. Na3 Qe6 18. Be3 Bxb2 19. Rad1 f5 20. Bh6 Rfe8
21. Qb4 Qxa2 22. R7d3 Bxa3 23. Qxa3 Qxc2 24. Qxa6 Rc6 25. Qa1 1-0